000 01395nam0a2200361 4500
001 RU\NLR\bibl\225502
005 20250619105415.0
010 _a5-7688-0801-9
_92000
021 _aRU
_b2001-39410
_91869
035 _a(NLR Aleph) 000221519
090 _a1287642
_c1287642
100 _a20020108d2001 |||y0rusy50 ca
101 0 _arus
102 _aRU
105 _aag |||||||||
200 1 _aСеребряный Ильмень
_eСтраницы биогр. фестиваля авт. песни
_f[Сост. Л. П. Коробицына]
210 _aЧелябинск
_cЮж.-Урал. кн. изд-во
_d2001
215 _a239 с.
_cил., нот.
_d21
601 0 2 _aИльменский фестиваль авторской песни
_cЧелябинская область
_92233443
_3RU\NLR\auth\661340475
601 1 2 _aИльменский фестиваль авторской песни
_eЧеляб. обл.
_2psbo
606 0 _aФестивали авторской песни - История
675 _a784.4
_v3
_zrus
686 _a18.41
_2rugasnti
686 _a85.313(2)
_2rubbk
686 _aЩ313(2)7-9м
702 1 _aКоробицына
_bЛ. П.
_gЛариса Петровна
_4220
801 0 _aRU
_bRKP
_c20020108
_gPSBO
801 1 _aRU
_bRKP
_c20020108
801 2 _aRU
_bNLR
_c20030707
_grcr
942 _cBOOK
980 _aNB
980 _aNBR